{"text_format":"3","workbook":"xlsx","n_sheets":7,"sheets":["表3-5 单位工程预算价汇总表","表3-6 分部分项工程计价表","3.1措施项目费汇总表（输出清单项）","表3-13 其他项目计价表","表3-19 规费和税金项目计算表","5.5主要材料价格表","1.1.2综合单价计算表"],"read":"whole","date_system":"1900"}

{"sheet":"表3-5 单位工程预算价汇总表","index":0,"n_rows":22,"n_cols":6,"rows_kept":22,"merged":[[0,0,0,5],[1,0,1,2],[1,4,1,5],[2,2,2,4],[3,2,3,4],[4,2,4,4],[5,2,5,4],[6,2,6,4],[7,2,7,4],[8,2,8,4],[9,2,9,4],[10,2,10,4],[11,2,11,4],[12,2,12,4],[13,2,13,4],[14,2,14,4],[15,2,15,4],[16,2,16,4],[17,2,17,4],[18,2,18,4],[19,2,19,4],[20,2,20,4],[21,2,21,4],[22,2,22,4],[23,2,23,4],[24,2,24,4],[25,2,25,4],[26,2,26,4],[27,2,27,4],[28,2,28,4],[29,2,29,4],[30,2,30,4],[31,2,31,4],[32,2,32,4],[33,2,33,4],[34,2,34,4],[35,2,35,4]]}
["单位工程造价汇总表"]
["工程名称：南村镇实验幼儿园围墙改造工程总预算（含其他费用及预备费）",{"$nulls":3},"第 1 页  共 1 页"]
["序号","费 用 名 称","计 算 基 础",null,null,"金  额（元）"]
["1","分部分项合计","分部分项合计",null,null,331015.45]
["2","措施合计","绿色施工安全防护措施费+其他措施费",null,null,43549.83]
["2.1","绿色施工安全防护措施费","安全及文明施工措施费",null,null,15534.61]
["2.2","其他措施费","其他措施费",null,null,28015.22]
["3","其他项目","其他项目合计",null,null,5399.51]
["3.1","暂列金额","暂列金额"]
["3.2","暂估价","暂估价合计"]
["3.3","计日工","计日工"]
["3.4","总承包服务费","总承包服务费"]
["3.5","预算包干费","预算包干费",null,null,5399.51]
["3.6","工程优质费","工程优质费"]
["3.7","概算幅度差","概算幅度差"]
["3.8","索赔费用","索赔费用"]
["3.9","现场签证费用","现场签证费用"]
["3.10","其他费用","其他费用"]
["4","税前工程造价","分部分项合计+措施合计+其他项目",null,null,379964.79]
["5","增值税销项税额","分部分项合计+措施合计+其他项目",null,null,34196.83]
["6","总造价","分部分项合计+措施合计+其他项目+增值税销项税额",null,null,414161.62]
["7","人工费","分部分项人工费+技术措施项目人工费",null,null,71837.13]

{"sheet":"表3-6 分部分项工程计价表","index":1,"n_rows":41,"n_cols":10,"rows_kept":41,"merged":[[0,0,0,9],[1,0,1,5],[1,7,1,9],[2,0,3,0],[2,1,3,1],[2,2,3,2],[2,3,3,3],[2,4,3,4],[2,5,3,7],[2,8,2,9],[4,5,4,7],[5,5,5,7],[6,5,6,7],[7,5,7,7],[8,5,8,7],[9,5,9,7],[10,5,10,7],[11,5,11,7],[12,5,12,7],[13,0,13,8],[14,0,14,9],[15,0,15,5],[15,7,15,9],[16,0,17,0],[16,1,17,1],[16,2,17,2],[16,3,17,3],[16,4,17,4],[16,5,17,7],[16,8,16,9],[18,5,18,7],[19,5,19,7],[20,5,20,7],[21,5,21,7],[22,5,22,7],[23,5,23,7],[24,5,24,7],[25,5,25,7],[26,5,26,7],[27,5,27,7],[28,5,28,7],[29,5,29,7],[30,2,30,3],[30,5,30,7],[31,5,31,7],[32,5,32,7],[33,5,33,7],[34,5,34,7],[35,5,35,7],[36,5,36,7],[37,5,37,7],[38,5,38,7],[39,0,39,8],[40,0,40,8]]}
["分部分项工程计价表"]
["工程名称：南村镇实验幼儿园围墙改造工程总预算（含其他费用及预备费）",{"$nulls":6},"第 1 页  共 2 页"]
["序号","项目编码","项目名称","项目特征描述","计量\n单位","工程数量",null,null,"金额（元）"]
[{"$nulls":8},"综合单价","合价"]
[1,"011503001004","金属扶手、栏杆、栏板","1.部位:A段围墙\n2.材质:1.2厚25X25方钢、1.2厚50X50方钢\n3.高度:0.925m\n4.枪头:25厚150X50MM镀锌钢防盗锥（成品），120长镀锌钢带座枪头（成品），每米8个\n5.防腐刷油:一底（防锈漆）两面（灰色漆）","m","60",null,null,323.6,19416]
[2,"011503001008","金属扶手、栏杆、栏板","1.部位:B段围墙\n2.材质:1.2厚25X25方钢、1.2厚50X50方钢\n3.高度:0.925m\n4.枪头:25厚150X50MM镀锌钢防盗锥（成品），120长镀锌钢带座枪头（成品），每米8个\n5.防腐刷油:一底（防锈漆）两面（灰色漆）","m","59",null,null,323.5,19086.5]
[3,"011503001009","金属扶手、栏杆、栏板","1.部位:C段围墙\n2.材质:1.2厚25X25方钢、1.2厚50X50方钢\n3.高度:0.925m\n4.枪头:25厚150X50MM镀锌钢防盗锥（成品），120长镀锌钢带座枪头（成品），每米8个\n5.防腐刷油:一底（防锈漆）两面（灰色漆）","m","28",null,null,322.8,9038.4]
[4,"011503001010","金属扶手、栏杆、栏板","1.部位:D段围墙\n2.材质:1.2厚25X25方钢、1.2厚50X50方钢\n3.高度:0.925m\n4.枪头:25厚150X50MM镀锌钢防盗锥（成品），120长镀锌钢带座枪头（成品），每米8个\n5.防腐刷油:一底两面灰色面漆","m","11",null,null,322.34,3545.74]
[5,"040901008001","植筋","1.部位:植M7.5不锈钢钉","根","532",null,null,5.4,2872.8]
[6,"041001005001","拆除侧、平(缘)石","1.材质:拆除道牙","m","114.2",null,null,2.64,301.49]
[7,"040101001001","挖一般土方","1.土壤类别:三类土","m3","173.86",null,null,6.57,1142.26]
[8,"011610002001","金属门窗拆除","1.拆除原有大门","m2","20.16",null,null,5.65,113.9]
[9,"040101002001","挖沟槽土方","1.土壤类别:一、二类土","m3","473.55",null,null,8.15,3859.43]
["本页小计",{"$nulls":8},59376.52]
["分部分项工程计价表"]
["工程名称：南村镇实验幼儿园围墙改造工程总预算（含其他费用及预备费）",{"$nulls":6},"第 2 页  共 2 页"]
["序号","项目编码","项目名称","项目特征描述","计量\n单位","工程数量",null,null,"金额（元）"]
[{"$nulls":8},"综合单价","合价"]
[10,"040103001001","回填方","1.填方材料品种:回填土","m3","339.54",null,null,19.51,6624.43]
[11,"040103002001","余方弃置","1.废弃料品种:余泥土\n2.运距:15KM","m3","310.44",null,null,38.27,11880.54]
[12,"010504004001","挡土墙","1.垫层:100厚C15混凝土垫层\n2.C25混凝土挡土墙","m","123",null,null,792,97416]
[13,"010515001001","现浇构件钢筋","1.钢筋种类、规格:Φ10~Φ20","t","3.355",null,null,5145.08,17261.74]
[14,"011201001001","墙面一般抹灰","1.底层厚度、砂浆配合比:20厚1:2.5水泥砂浆","m2","202.95",null,null,41.82,8487.37]
[15,"011406001001","抹灰面油漆","1.实墙，外喷棕色（米黄色）外墙漆5厚","m2","202.95",null,null,17.56,3563.8]
[16,"040202015002","水泥稳定碎(砾)石","1.水泥含量:7%\n2.石料规格:水泥石屑\n3.厚度:10cm","m2","579.53",null,null,35.66,20666.04]
[17,"040203007001","水泥混凝土","1.混凝土强度等级:C20\n2.厚度:15cm\n3.水养生","m2","579.53",null,null,128.79,74637.67]
[18,"011101001001","水泥砂浆楼地面","1.面层厚度、砂浆配合比:30厚1:2.5水泥砂浆找平层","m2","579.53",null,null,33.7,19530.16]
[19,"040205006001","标线","1.材料品种:3厚200宽白色地坪漆画线","m2","34.1",null,null,45.77,1560.76]
[20,"010802001001","金属(塑钢)门","1.门代号及洞口尺寸:6000*2800\n2.材质:镀锌钢管大门\n3.做法:详看图纸","m2","16.8",null,null,312.84,5255.71]
[21,"010802001002","金属(塑钢)门","1.门代号及洞口尺寸:5200*2800\n2.材质:镀锌钢管大门\n3.做法:详看图纸","m2","14.56",null,null,326.56,4754.71]
[{"$nulls":9},331015.45]
{"$rows_empty":8}
["本页小计",{"$nulls":8},271638.93]
["合  计",{"$nulls":8},331015.45]

{"sheet":"3.1措施项目费汇总表（输出清单项）","index":2,"n_rows":38,"n_cols":8,"rows_kept":38,"merged":[[0,0,0,7],[1,0,1,5],[1,6,1,7],[2,0,2,0],[2,1,2,2],[2,3,2,3],[2,4,2,4],[2,5,2,6],[3,1,3,2],[3,5,3,6],[4,1,4,2],[4,5,4,6],[5,1,5,2],[5,5,5,6],[6,1,6,2],[6,5,6,6],[7,1,7,2],[7,5,7,6],[8,1,8,2],[8,5,8,6],[9,1,9,2],[9,5,9,6],[10,1,10,2],[10,5,10,6],[11,1,11,2],[11,5,11,6],[12,1,12,2],[12,5,12,6],[13,1,13,2],[13,5,13,6],[14,1,14,2],[14,5,14,6],[15,1,15,2],[15,5,15,6],[16,1,16,2],[16,5,16,6],[17,1,17,2],[17,5,17,6],[18,1,18,2],[18,5,18,6],[19,1,19,2],[19,5,19,6],[20,1,20,2],[20,5,20,6],[21,1,21,2],[21,5,21,6],[22,1,22,2],[22,5,22,6],[23,1,23,2],[23,5,23,6],[24,1,24,2],[24,5,24,6],[25,1,25,2],[25,5,25,6],[26,1,26,2],[26,5,26,6],[27,1,27,2],[27,5,27,6],[28,1,28,2],[28,5,28,6],[29,1,29,2],[29,5,29,6],[30,1,30,2],[30,5,30,6],[31,1,31,2],[31,5,31,6],[32,1,32,2],[32,5,32,6],[33,1,33,2],[33,5,33,6],[34,1,34,2],[34,5,34,6],[35,1,35,2],[35,5,35,6],[36,1,36,2],[36,5,36,6],[37,1,37,2],[37,5,37,6]]}
["措施项目费汇总表"]
["工程名称：南村镇实验幼儿园围墙改造工程总预算（含其他费用及预备费）",{"$nulls":5},"第 1 页 共 1 页"]
["编码","名称",null,"单位","数量","单价（元）",null,"合价（元）"]
["1","绿色施工安全防护措施费"]
["1.1","综合脚手架",null,"项",1,878.8,null,878.8]
["粤011701012001","活动脚手架",null,"m2",406.85,2.16,null,878.8]
["1.2","靠脚手架安全挡板",null,"项",1]
["1.3","密目式安全网",null,"项",1]
["1.4","围尼龙编织布",null,"项",1]
["1.5","模板的支架",null,"项",1]
["1.6","施工现场围挡和临时占地围挡",null,"项",1]
["1.7","施工围挡照明",null,"项",1]
["1.8","临时钢管架通道",null,"项",1]
["1.9","独立安全防护挡板",null,"项",1]
["1.10","吊装设备基础",null,"项",1]
["1.11","防尘降噪绿色施工防护棚",null,"项",1]
["1.12","施工便道",null,"项",1]
["1.13","样板引路",null,"项",1]
["LSSGCSF00001","绿色施工安全防护措施费",null,"项","RGF+JXF","19%",null,14655.81]
[null,"小计",null,"元",{"$nulls":3},15534.61]
["2","措施其他项目"]
["WMGDZJF00001","文明工地增加费",null,"项","RGF+JXF","0%"]
["011707002001","夜间施工增加费",null,"项",null,"20%"]
["GGCSF0000001","赶工措施费",null,"项","RGF+JXF","0%"]
["QTFY00000001","其他费用",null,"项",1]
["2.5","模板工程",null,"项",1,28015.22,null,28015.22]
["011702011001","直形墙",null,"m2",590.4,46.21,null,27282.38]
["011702001001","基础",null,"m2",24.6,29.79,null,732.83]
["2.6","垂直运输工程",null,"项",1]
["2.7","材料及小型构件二次水平运输",null,"项",1]
["2.8","成品保护工程",null,"项",1]
["2.9","井点降水工程",null,"项",1]
[null,"小计",null,"元",{"$nulls":3},28015.22]
[]
[]
[]
[]
[null,"合计",{"$nulls":5},"43549.83"]

{"sheet":"表3-13 其他项目计价表","index":3,"n_rows":31,"n_cols":7,"rows_kept":31,"merged":[[0,0,0,6],[1,0,1,3],[1,5,1,6],[2,3,2,5],[3,3,3,5],[4,3,4,5],[5,3,5,5],[6,3,6,5],[7,3,7,5],[8,3,8,5],[9,3,9,5],[10,3,10,5],[11,3,11,5],[12,3,12,5],[13,3,13,5],[14,3,14,5],[15,3,15,5],[16,3,16,5],[17,3,17,5],[18,3,18,5],[19,3,19,5],[20,3,20,5],[21,3,21,5],[22,3,22,5],[23,3,23,5],[24,3,24,5],[25,3,25,5],[26,3,26,5],[27,3,27,5],[28,3,28,5],[29,3,29,5],[30,0,30,2],[30,3,30,5]]}
["其他项目清单与计价表"]
["工程名称：南村镇实验幼儿园围墙改造工程总预算（含其他费用及预备费）",{"$nulls":4},"第 1 页  共 1 页"]
["序号","项目名称","单位","金额（元）",null,null,"备注"]
["1","暂列金额","项"]
["2","暂估价","项"]
["2.1","材料暂估价","项"]
["2.2","专业工程暂估价","项"]
["3","计日工","项"]
["4","总承包服务费","项"]
["5","预算包干费","项",5399.51,null,null,"按分部分项的人工费与施工机具费之和的 7.00%计算"]
["6","工程优质费","项",{"$nulls":3},"按分部分项的人工费与施工机具费之和为计算基础\n国家级质量奖：12.00%；省级质量奖：7.50%；市级质量奖：4.50%"]
["7","概算幅度差","项",{"$nulls":3},"按分部分项工程费为计算基础\n建筑工程：3.00%；"]
["8","现场签证费用","项"]
["9","索赔费用","项"]
["10","其他费用","项",{"$nulls":3},"按实际发生或经批准的施工方案计算"]
{"$rows_empty":15}
["合    计",null,null,"5399.51",null,null,"-"]

{"sheet":"表3-19 规费和税金项目计算表","index":4,"n_rows":38,"n_cols":7,"rows_kept":38,"merged":[[0,0,0,6],[1,0,1,3],[1,5,1,6],[2,3,2,5],[3,3,3,5],[4,3,4,5],[5,3,5,5],[6,3,6,5],[7,3,7,5],[8,3,8,5],[9,3,9,5],[10,3,10,5],[11,3,11,5],[12,3,12,5],[13,3,13,5],[14,3,14,5],[15,3,15,5],[16,3,16,5],[17,3,17,5],[18,3,18,5],[19,3,19,5],[20,3,20,5],[21,3,21,5],[22,3,22,5],[23,3,23,5],[24,3,24,5],[25,3,25,5],[26,3,26,5],[27,3,27,5],[28,3,28,5],[29,3,29,5],[30,3,30,5],[31,3,31,5],[32,3,32,5],[33,3,33,5],[34,3,34,5],[35,3,35,5],[36,3,36,5],[37,0,37,5]]}
["规费和税金项目清单与计价表"]
["工程名称：南村镇实验幼儿园围墙改造工程总预算（含其他费用及预备费）",{"$nulls":4},"第 1 页  共 1 页"]
["序号","项 目 名 称","计 算 基 础","费率（%）",null,null,"金额（元）"]
["1","增值税销项税额","分部分项合计+措施合计+其他项目","9",null,null,34196.83]
{"$rows_empty":33}
["合计",{"$nulls":5},34196.83]

{"sheet":"5.5主要材料价格表","index":5,"n_rows":69,"n_cols":10,"rows_kept":69,"merged":[[0,0,0,9],[1,0,1,5],[1,7,1,9],[2,5,2,7],[3,5,3,7],[4,5,4,7],[5,5,5,7],[6,5,6,7],[7,5,7,7],[8,5,8,7],[9,5,9,7],[10,5,10,7],[11,5,11,7],[12,5,12,7],[13,5,13,7],[14,5,14,7],[15,5,15,7],[16,5,16,7],[17,5,17,7],[18,5,18,7],[19,5,19,7],[20,5,20,7],[21,5,21,7],[22,5,22,7],[23,5,23,7],[24,5,24,7],[25,5,25,7],[26,5,26,7],[27,5,27,7],[28,5,28,7],[29,5,29,7],[30,5,30,7],[31,5,31,7],[32,5,32,7],[33,5,33,7],[34,0,34,9],[35,0,35,5],[35,7,35,9],[36,5,36,7],[37,5,37,7],[38,5,38,7],[39,5,39,7],[40,5,40,7],[41,5,41,7],[42,5,42,7],[43,5,43,7],[44,5,44,7],[45,5,45,7],[46,5,46,7],[47,5,47,7],[48,5,48,7],[49,5,49,7],[50,5,50,7],[51,5,51,7],[52,5,52,7],[53,5,53,7],[54,5,54,7],[55,5,55,7],[56,5,56,7],[57,5,57,7],[58,5,58,7],[59,5,59,7],[60,5,60,7],[61,5,61,7],[62,5,62,7],[63,5,63,7],[64,5,64,7],[65,5,65,7],[66,5,66,7],[67,5,67,7],[68,5,68,7]]}
["主要材料价格表"]
["工程名称：南村镇实验幼儿园围墙改造工程总预算（含其他费用及预备费）",{"$nulls":6},"第 1 页  共 2 页"]
["序号","材料编码","材料名称","规格","单位","数量",null,null,"市场价\n（元）","市场价合计（元）"]
[1,"01010040","螺纹钢筋","φ25以内","t",3.4389,null,null,4176.4,14362.22]
[2,"01030017","镀锌低碳钢丝","φ4.0","kg",357.8414,null,null,5.58,1996.76]
[3,"01030031","镀锌低碳钢丝","φ0.7~1.2","kg",7.7836,null,null,5.58,43.43]
[4,"02270070","土工布",null,"m2",274.3444,null,null,6.69,1835.36]
[5,"03010430","六角螺栓","综合","kg",2.0729,null,null,5.58,11.57]
[6,"03011325","对拉螺栓",null,"kg",296.2863,null,null,5.38,1594.02]
[7,"03019021","圆钉","50~75","kg",8.1008,null,null,3.54,28.68]
[8,"03033126","铁插销","150","对",2.02,null,null,1.25,2.53]
[9,"03033146@1","合页","75","百个",0.12,null,null,86.03,10.32]
[10,"03135001","低碳钢焊条","综合","kg",86.9546,null,null,4.98,433.03]
[11,"03210290@2","25厚150X50MM镀锌钢防盗锥（成品），120长镀锌钢带座枪头（成品），每米8个",null,"个",1584,null,null,7.5,11880]
[12,"03210290@3","25厚150X50MM镀锌钢防盗锥（成品），120长镀锌钢带座枪头（成品），每米8个",null,"个",944,null,null,7.5,7080]
[13,"03210290@4","防盗锥",null,"个",87,null,null,7.5,652.5]
[14,"03213001","铁件","综合","kg",283.6639,null,null,6.8,1928.91]
[15,"03213121","镀锌铁件",null,"kg",351.0918,null,null,4.06,1425.43]
[16,"03214231@1","铁色铁艺造型",null,"个",40,null,null,39.82,1592.8]
[17,"04010015","复合普通硅酸盐水泥","P.C 32.5","t",9.4947,null,null,448,4253.63]
[18,"04010045","白色硅酸盐水泥","32.5","t",0.5074,null,null,822,417.08]
[19,"04030015","中砂",null,"m3",0.0269,null,null,278.97,7.5]
[20,"04070045","石屑",null,"m3",78.0048,null,null,162.88,12705.42]
[21,"05030060","板枋材","综合","m3",0.197,null,null,1592.08,313.64]
[22,"05030080","松杂板枋材",null,"m3",0.4465,null,null,1348.1,601.93]
[23,"05050120","防水胶合板","模板用 18mm","m2",77.49,null,null,33.14,2568.02]
[24,"13010130","酚醛调和漆",null,"kg",37.5919,null,null,11.7,439.83]
[25,"13010530","热塑标线底漆",null,"kg",5.797,null,null,9.6,55.65]
[26,"13030700","外墙油性底漆",null,"kg",22.7304,null,null,32.26,733.28]
[27,"13030760","油性乳胶漆",null,"kg",45.2579,null,null,18.78,849.94]
[28,"13050450","酚醛铁红防锈漆",null,"kg",20.5379,null,null,16.77,344.42]
[29,"13050500","油性防锈漆",null,"kg",2.6906,null,null,11.89,31.99]
[30,"13110040","热熔标线涂料",null,"kg",166.1693,null,null,3.57,593.22]
[31,"14010030","松节油",null,"kg",15.5134,null,null,8.84,137.14]
["主要材料价格表"]
["工程名称：南村镇实验幼儿园围墙改造工程总预算（含其他费用及预备费）",{"$nulls":6},"第 2 页  共 2 页"]
["序号","材料编码","材料名称","规格","单位","数量",null,null,"市场价\n（元）","市场价合计（元）"]
[32,"14050050","溶剂油",null,"kg",0.1348,null,null,3.94,0.53]
[33,"14350250","隔离剂",null,"kg",61.5,null,null,7.05,433.58]
[34,"14350630","脱模剂",null,"kg",-9.9447,null,null,5.13,-51.02]
[35,"14350680","稀释剂",null,"kg",2.273,null,null,8.88,20.18]
[36,"14390070","氧气",null,"m3",1.3862,null,null,5.16,7.15]
[37,"14390080","液化石油气",null,"m3",5.3537,null,null,6.97,37.32]
[38,"14390100","乙炔气",null,"kg",0.6149,null,null,13.3,8.18]
[39,"14410010","108胶",null,"kg",6.0885,null,null,6.86,41.77]
[40,"14410480","强力植筋胶",null,"L",1.2768,null,null,85,108.53]
[41,"17030005@1","镀锌方钢管","25*25*1.2","kg",819.153,null,null,3.9,3194.7]
[42,"17030005@2","镀锌方钢管","50*50*1.2","kg",455.584,null,null,4.14,1886.12]
[43,"17030050@1","镀锌方钢管","50*50*1.2","m",65.1223,null,null,17.49,1138.99]
[44,"17030070@1","镀锌方钢管","100*100*5","m",11.2,null,null,41.15,460.88]
[45,"17030070@2","镀锌方钢管","20*20*1","m",135.38,null,null,8.13,1100.64]
[46,"20010010","镀锌法兰","DN32","片",1760.12,null,null,2.67,4699.52]
[47,"30010475@1","感应锁",null,"套",2.02,null,null,163.72,330.71]
[48,"34110010","水",null,"m3",132.4681,null,null,4.58,606.7]
[49,"35010010","钢模板",null,"kg",53.8847,null,null,4.44,239.25]
[50,"35090230","钢支撑",null,"kg",434.1211,null,null,6.04,2622.09]
[51,"36210030","反光材料(玻璃珠)",null,"kg",11.3212,null,null,2.45,27.74]
[52,"99450760","其他材料费",null,"元",893.8572,null,null,1,893.86]
[53,"8021902","普通预拌混凝土","碎石粒径综合考虑 C15","m3",21.4733,null,null,573,12304.2]
[54,"8021903","普通预拌混凝土","碎石粒径综合考虑 C20","m3",88.6681,null,null,592,52491.52]
[55,"8021904","普通预拌混凝土","碎石粒径综合考虑 C25","m3",113.981,null,null,613,69870.35]
[56,"8005909","湿拌抹灰砂浆","一次抹灰厚度≥5mm M20","m3",22.2247,null,null,662,14712.75]
[57,"03033011","滚轮",null,"套",4.04,null,null,10.23,41.33]
[58,"80030280","水泥石屑(碎石)混合料",null,"m3",59.1121]
[]
[]
[]
[]
[null,null,"合  计",{"$nulls":6},236157.82]

{"sheet":"1.1.2综合单价计算表","index":6,"n_rows":110,"n_cols":9,"rows_kept":110,"merged":[[0,0,0,8],[1,0,1,5],[1,6,1,8],[2,0,2,0],[2,1,2,1],[2,2,2,3],[2,4,2,4],[2,5,2,6],[2,7,2,7],[3,0,3,0],[3,2,3,3],[3,5,3,6],[4,0,7,0],[4,2,4,3],[4,5,4,6],[5,2,5,3],[5,5,5,6],[6,2,6,3],[6,5,6,6],[7,2,7,3],[7,5,7,6],[8,0,8,0],[8,2,8,3],[8,5,8,6],[9,0,12,0],[9,2,9,3],[9,5,9,6],[10,2,10,3],[10,5,10,6],[11,2,11,3],[11,5,11,6],[12,2,12,3],[12,5,12,6],[13,0,13,0],[13,2,13,3],[13,5,13,6],[14,0,17,0],[14,2,14,3],[14,5,14,6],[15,2,15,3],[15,5,15,6],[16,2,16,3],[16,5,16,6],[17,2,17,3],[17,5,17,6],[18,0,18,0],[18,2,18,3],[18,5,18,6],[19,0,22,0],[19,2,19,3],[19,5,19,6],[20,2,20,3],[20,5,20,6],[21,2,21,3],[21,5,21,6],[22,2,22,3],[22,5,22,6],[23,0,23,0],[23,2,23,3],[23,5,23,6],[24,0,24,0],[24,2,24,3],[24,5,24,6],[25,0,25,0],[25,2,25,3],[25,5,25,6],[26,0,26,0],[26,2,26,3],[26,5,26,6],[27,0,27,0],[27,2,27,3],[27,5,27,6],[28,0,29,0],[28,2,28,3],[28,5,28,6],[29,2,29,3],[29,5,29,6],[30,0,30,0],[30,2,30,3],[30,5,30,6],[31,0,31,0],[31,2,31,3],[31,5,31,6],[32,0,32,8],[33,0,33,5],[33,6,33,8],[34,0,34,0],[34,1,34,1],[34,2,34,3],[34,4,34,4],[34,5,34,6],[34,7,34,7],[35,0,35,0],[35,2,35,3],[35,5,35,6],[36,0,37,0],[36,2,36,3],[36,5,36,6],[37,2,37,3],[37,5,37,6],[38,0,38,0],[38,2,38,3],[38,5,38,6],[39,0,39,0],[39,2,39,3],[39,5,39,6],[40,0,40,0],[40,2,40,3],[40,5,40,6],[41,0,42,0],[41,2,41,3],[41,5,41,6],[42,2,42,3],[42,5,42,6],[43,0,43,0],[43,2,43,3],[43,5,43,6],[44,0,45,0],[44,2,44,3],[44,5,44,6],[45,2,45,3],[45,5,45,6],[46,0,46,0],[46,2,46,3],[46,5,46,6],[47,0,47,0],[47,2,47,3],[47,5,47,6],[48,0,48,0],[48,2,48,3],[48,5,48,6],[49,0,49,0],[49,2,49,3],[49,5,49,6],[50,0,50,0],[50,2,50,3],[50,5,50,6],[51,0,51,0],[51,2,51,3],[51,5,51,6],[52,0,52,0],[52,2,52,3],[52,5,52,6],[53,0,54,0],[53,2,53,3],[53,5,53,6],[54,2,54,3],[54,5,54,6],[55,0,55,8],[56,0,56,5],[56,6,56,8],[57,0,57,0],[57,1,57,1],[57,2,57,3],[57,4,57,4],[57,5,57,6],[57,7,57,7],[58,0,59,0],[58,2,58,3],[58,5,58,6],[59,2,59,3],[59,5,59,6],[60,0,60,0],[60,2,60,3],[60,5,60,6],[61,0,62,0],[61,2,61,3],[61,5,61,6],[62,2,62,3],[62,5,62,6],[63,0,63,0],[63,2,63,3],[63,5,63,6],[64,0,64,0],[64,2,64,3],[64,5,64,6],[65,0,65,0],[65,2,65,3],[65,5,65,6],[66,0,66,0],[66,2,66,3],[66,5,66,6],[67,0,67,0],[67,2,67,3],[67,5,67,6],[68,0,74,0],[68,2,68,3],[68,5,68,6],[69,2,69,3],[69,5,69,6],[70,2,70,3],[70,5,70,6],[71,2,71,3],[71,5,71,6],[72,2,72,3],[72,5,72,6],[73,2,73,3],[73,5,73,6],[74,2,74,3],[74,5,74,6],[75,0,75,8],[76,0,76,5],[76,6,76,8],[77,0,77,0],[77,1,77,1],[77,2,77,3],[77,4,77,4],[77,5,77,6],[77,7,77,7],[78,0,78,0],[78,2,78,3],[78,5,78,6],[79,0,79,0],[79,2,79,3],[79,5,79,6],[80,0,87,0],[80,2,80,3],[80,5,80,6],[81,2,81,3],[81,5,81,6],[82,2,82,3],[82,5,82,6],[83,2,83,3],[83,5,83,6],[84,2,84,3],[84,5,84,6],[85,2,85,3],[85,5,85,6],[86,2,86,3],[86,5,86,6],[87,2,87,3],[87,5,87,6],[88,0,88,0],[88,2,88,3],[88,5,88,6],[89,0,89,0],[89,2,89,3],[89,5,89,6],[90,0,90,0],[90,2,90,3],[90,5,90,6],[91,0,91,0],[91,2,91,3],[91,5,91,6],[92,0,92,0],[92,2,92,3],[92,5,92,6],[93,0,93,0],[93,2,93,3],[93,5,93,6],[94,0,94,0],[94,2,94,3],[94,5,94,6],[95,0,95,0],[95,2,95,3],[95,5,95,6],[96,0,96,0],[96,2,96,3],[96,5,96,6],[97,0,97,0],[97,2,97,3],[97,5,97,6],[98,0,98,0],[98,2,98,3],[98,5,98,6],[99,0,99,0],[99,2,99,3],[99,5,99,6],[100,0,100,0],[100,2,100,3],[100,5,100,6],[101,0,101,0],[101,2,101,3],[101,5,101,6],[102,0,102,0],[102,2,102,3],[102,5,102,6],[103,0,103,0],[103,2,103,3],[103,5,103,6],[104,0,104,0],[104,2,104,3],[104,5,104,6],[105,0,105,0],[105,2,105,3],[105,5,105,6],[106,0,106,0],[106,2,106,3],[106,5,106,6],[107,0,107,0],[107,2,107,3],[107,5,107,6],[108,0,108,0],[108,2,108,3],[108,5,108,6],[109,2,109,3],[109,5,109,6]]}
["综合单价计算表"]
["工程名称：南村镇实验幼儿园围墙改造工程总预算（含其他费用及预备费）",{"$nulls":5},"第 1 页 共 4 页"]
["序号","编码","名称",null,"单位","工程量",null,"综合单价\n（元）","综合合价\n（元）"]
[1,"011503001004","金属扶手、栏杆、栏板",null,"m","60",null,323.6,19416]
[null,"A1-16-106 换","钢栏杆 制安(圆钢、镀锌钢管）",null,"100m",0.6,null,13314.91,7988.95]
[null,"A1-16-112 换","铸铁花件栏杆 安装",null,"100m",0.6,null,17185.57,10311.34]
[null,"A1-15-124","防锈漆 一遍  \u007f",null,"100m2",0.69636,null,552.06,384.43]
[null,"A1-15-100 换","金属面调和漆 调和漆一遍 \u007f实际遍数(遍):2",null,"100m2",0.69636,null,1049.89,731.1]
[2,"011503001008","金属扶手、栏杆、栏板",null,"m","59",null,323.5,19086.5]
[null,"A1-16-106 换","钢栏杆 制安(圆钢、镀锌钢管）",null,"100m",0.59,null,13305.48,7850.23]
[null,"A1-16-112 换","铸铁花件栏杆 安装",null,"100m",0.59,null,17185.57,10139.49]
[null,"A1-15-124","防锈漆 一遍  \u007f",null,"100m2",0.684754,null,552.06,378.03]
[null,"A1-15-100 换","金属面调和漆 调和漆一遍 \u007f实际遍数(遍):2",null,"100m2",0.684754,null,1049.89,718.92]
[3,"011503001009","金属扶手、栏杆、栏板",null,"m","28",null,322.8,9038.4]
[null,"A1-16-106 换","钢栏杆 制安(圆钢、镀锌钢管）",null,"100m",0.28,null,13235.62,3705.97]
[null,"A1-16-112 换","铸铁花件栏杆 安装",null,"100m",0.28,null,17185.57,4811.96]
[null,"A1-15-124","防锈漆 一遍  \u007f",null,"100m2",0.324968,null,552.06,179.4]
[null,"A1-15-100 换","金属面调和漆 调和漆一遍 \u007f实际遍数(遍):2",null,"100m2",0.324968,null,1049.89,341.18]
[4,"011503001010","金属扶手、栏杆、栏板",null,"m","11",null,322.34,3545.74]
[null,"A1-16-106 换","钢栏杆 制安(圆钢、镀锌钢管）",null,"100m",0.11,null,13188.95,1450.78]
[null,"A1-16-112 换","铸铁花件栏杆 安装",null,"100m",0.11,null,17185.57,1890.41]
[null,"A1-15-124","防锈漆 一遍  \u007f",null,"100m2",0.127666,null,552.06,70.48]
[null,"A1-15-100 换","金属面调和漆 调和漆一遍 \u007f实际遍数(遍):2",null,"100m2",0.127666,null,1049.89,134.04]
[5,"040901008001","植筋",null,"根","532",null,5.4,2872.8]
[null,"A1-5-152","植筋 钢筋直径(mm) 8",null,"10根",53.2,null,54.03,2874.4]
[6,"041001005001","拆除侧、平(缘)石",null,"m","114.2",null,2.64,301.49]
[null,"借D1-4-39","拆除平(缘)石 混凝土",null,"100m",1.142,null,263.88,301.35]
[7,"040101001001","挖一般土方",null,"m3","173.86",null,6.57,1142.26]
[null,"借D1-1-7","人工挖一般土方 三类土",null,"100m3天然密实方",0.08693,null,4050.11,352.08]
[null,"借D1-1-30","挖掘机挖一般土方 三类土",null,"1000m3天然密实方",0.165167,null,4781.81,789.8]
[8,"011610002001","金属门窗拆除",null,"m2","20.16",null,5.65,113.9]
[null,"A1-19-53","门窗拆除(整樘) 金属",null,"10樘",0.2,null,569.22,113.84]
["综合单价计算表"]
["工程名称：南村镇实验幼儿园围墙改造工程总预算（含其他费用及预备费）",{"$nulls":5},"第 2 页 共 4 页"]
["序号","编码","名称",null,"单位","工程量",null,"综合单价\n（元）","综合合价\n（元）"]
[9,"040101002001","挖沟槽土方",null,"m3","473.55",null,8.15,3859.43]
[null,"借D1-1-10","人工挖沟槽土方 一、二类土 深度在2m内",null,"100m3天然密实方",0.236775,null,4138.07,979.79]
[null,"借D1-1-33","挖掘机挖沟槽、基坑土方 一、二类土",null,"1000m3天然密实方",0.449873,null,6399.88,2879.13]
[10,"040103001001","回填方",null,"m3","339.54",null,19.51,6624.43]
[null,"借D1-1-133","回填土 夯实机夯实 槽、坑",null,"100m3压实方",3.3954,null,1950.56,6622.93]
[11,"040103002001","余方弃置",null,"m3","310.44",null,38.27,11880.54]
[null,"借D1-1-53 换","自卸汽车运土方 运距1km内 \u007f实际运距(km):15",null,"1000m3天然密实方",0.31044,null,35668.31,11072.87]
[null,"借D1-1-52","装载机装土",null,"1000m3天然密实方",0.31044,null,2604,808.39]
[12,"010504004001","挡土墙",null,"m","123",null,792,97416]
[null,"A1-5-78 换","混凝土垫层 \u007f合并制作子目 普通预拌混凝土 碎石粒径综合考虑 C15",null,"10m3",2.1156,null,6684.14,14140.97]
[null,"A1-5-12 换","现浇建筑物混凝土 直形、弧形、电梯井墙 \u007f合并制作子目 普通预拌混凝土 碎石粒径综合考虑 C25",null,"10m3",11.28525,null,7379.05,83274.42]
[13,"010515001001","现浇构件钢筋",null,"t","3.355",null,5145.08,17261.74]
[null,"A1-5-106","现浇构件带肋钢筋 φ25以内",null,"t",3.355,null,5145.08,17261.74]
[14,"011201001001","墙面一般抹灰",null,"m2","202.95",null,41.82,8487.37]
[null,"A1-13-2 换","底层抹灰15mm 各种墙面 外墙 \u007f实际水泥石灰砂浆厚度(mm):20 \u007f合并制作子目 湿拌抹灰砂浆 一次抹灰厚度≥5mm M20",null,"100m2",2.0295,null,4181.92,8487.21]
[15,"011406001001","抹灰面油漆",null,"m2","202.95",null,17.56,3563.8]
[null,"A1-15-173","外墙面乳胶漆底油一遍面油二遍 油性 墙、柱面",null,"100m2",2.0295,null,1755.86,3563.52]
[16,"040202015002","水泥稳定碎(砾)石",null,"m2","579.53",null,35.66,20666.04]
[null,"借D2-2-4 *0.5","集中拌合水泥石屑混合料 水泥含量 6% \u007f单价*0.5",null,"m3",57.953,null,154.65,8962.43]
[null,"借D2-2-5 *0.5","集中拌合水泥石屑混合料 水泥含量 8% \u007f单价*0.5",null,"m3",57.953,null,162.02,9389.55]
["综合单价计算表"]
["工程名称：南村镇实验幼儿园围墙改造工程总预算（含其他费用及预备费）",{"$nulls":5},"第 3 页 共 4 页"]
["序号","编码","名称",null,"单位","工程量",null,"综合单价\n（元）","综合合价\n（元）"]
[null,"借D2-2-8 换","自卸汽车运输水泥石屑(碎石)混合料 自卸汽车装载 第一个1km \u007f实际运距(km):5",null,"100m3",0.57953,null,1972.1,1142.89]
[null,"借D2-2-12 换","机械铺筑水泥石屑(碎石)混合料 厚度 15cm \u007f实际厚度(cm):10",null,"100m2",5.7953,null,201.62,1168.45]
[17,"040203007001","水泥混凝土",null,"m2","579.53",null,128.79,74637.67]
[null,"借D2-3-46 换","水泥混凝土路面 厚度 20cm \u007f实际厚度(cm):15 \u007f合并制作子目 普通预拌混凝土 碎石粒径综合考虑 C20",null,"100m2",5.7953,null,12712.34,73671.82]
[null,"借D2-3-55","水泥混凝土路面养生 水养生",null,"100m2",5.7953,null,166.19,963.12]
[18,"011101001001","水泥砂浆楼地面",null,"m2","579.53",null,33.7,19530.16]
[null,"A1-12-1 换","楼地面水泥砂浆找平层 混凝土或硬基层上 20mm \u007f实际厚度(mm):30 \u007f合并制作子目 湿拌抹灰砂浆 一次抹灰厚度≥5mm M20",null,"100m2",5.7953,null,3369.83,19529.18]
[19,"040205006001","标线",null,"m2","34.1",null,45.77,1560.76]
[null,"借D2-5-32 R*2,J*2","热熔标线 普通型 \u007f标线设计厚度超过2.5mm,除按标线设计厚度与定额厚度的比例增加定额中的热熔标线涂料和液化石油气的消耗量外 人工*2,机械*2",null,"10m2",3.41,null,457.68,1560.69]
[20,"010802001001","金属(塑钢)门",null,"m2","16.8",null,312.84,5255.71]
[null,"A1-9-162 换","围墙钢大门 钢管框金属网 制作 \u007f换为【镀锌钢管DN100】",null,"100m2",0.168,null,19339.86,3249.1]
[null,"A1-9-163","围墙钢大门 钢管框金属网 安装",null,"100m2",0.168,null,3809.21,639.95]
[null,"A1-9-226 换","特殊五金安装 地锁 \u007f换为【铁插销150】",null,"100套",0.01,null,126.25,1.26]
[null,"A1-9-226 换","特殊五金安装 滚轮",null,"100套",0.02,null,1033.23,20.66]
[null,"A1-9-225 换","特殊五金安装 电子锁(磁下锁)",null,"100套",0.01,null,16535.72,165.36]
[null,"A1-9-68 换","实木满州窗扇安装 合页铰接",null,"100m2",0.168,null,30.72,5.16]
[null,"A1-16-112 换","铸铁花件栏杆 安装",null,"100m",0.06,null,6146.13,368.77]
["综合单价计算表"]
["工程名称：南村镇实验幼儿园围墙改造工程总预算（含其他费用及预备费）",{"$nulls":5},"第 4 页 共 4 页"]
["序号","编码","名称",null,"单位","工程量",null,"综合单价\n（元）","综合合价\n（元）"]
[null,"A1-16-113 换","扁铁花件栏杆 安装",null,"100m",0.06,null,13425.44,805.53]
[21,"010802001002","金属(塑钢)门",null,"m2","14.56",null,326.56,4754.71]
[null,"A1-9-162 换","围墙钢大门 钢管框金属网 制作 \u007f换为【镀锌钢管DN100】",null,"100m2",0.1456,null,19939.8,2903.23]
[null,"A1-9-163","围墙钢大门 钢管框金属网 安装",null,"100m2",0.1456,null,3809.21,554.62]
[null,"A1-9-226 换","特殊五金安装 地锁 \u007f换为【铁插销150】",null,"100套",0.01,null,126.25,1.26]
[null,"A1-9-226 换","特殊五金安装 滚轮",null,"100套",0.02,null,1033.23,20.66]
[null,"A1-9-225 换","特殊五金安装 电子锁(磁下锁)",null,"100套",0.01,null,16535.72,165.36]
[null,"A1-9-68 换","实木满州窗扇安装 合页铰接",null,"100m2",0.1456,null,35.45,5.16]
[null,"A1-16-112 换","铸铁花件栏杆 安装",null,"100m",0.052,null,5771.13,300.1]
[null,"A1-16-113 换","扁铁花件栏杆 安装",null,"100m",0.052,null,15467.5,804.31]
{"$rows_empty":21}
[null,null,"合   计",{"$nulls":5},331015.45]